00512nam a2200157 i 4500001000300000245007600003260002100079650002600100040000800126041000800134942000700142008004100149999001700190856009800207952004900305bg00aProtokół z narady naukowo-informacyjnej n.t. łożysk ślizgowych. aGdańsk,c1973. 9aŁożyska ślizgowe cBPK apol cKS s pl f |000 0 pol  c20684d20684 uhttp://koha.tu.koszalin.pl/cgi-bin/koha/opac-detail.pl?biblionumber=20684yKatalog online BPK 00104070aBPKbBPKcwo29095p01621686yKS